000 00737cab a2200229 4500
001 X3611
008 090401t1996 xxu||||| |||| 00| 0 eng d
035 _a(Sirsi) u31501
041 _aeng
245 _aMarine SACs
260 _c1996
350 _a0
490 _aCSM (Chartered Surveyor Monthly)
_v5(8) May 1996, 59(1)
520 _aDraft guidance on the management of marine Special Areas of Conservation to be designated under the EC Habitats Directive has been published by the government.
650 _aHABITATS DIRECTIVE
650 _aMARINE CONSERVATION
650 _aSPECIAL AREAS OF CONSERVATION
690 _aENVIRONMENTAL AND LAND CONSULTANCY
690 _aMARINE RESOURCES
942 _n0
948 _c04/03/1997
999 _c21150
_d21150